[Event "POL-chT3"]
[Site "Jastrzebia Gora POL"]
[Date "2016.09.08"]
[Round "6.80"]
[White "Zaskalski, Arkadiusz"]
[Black "Zebracki, Tomasz"]
[Result "1-0"]
[WhiteElo "2142"]
[BlackElo "2196"]
[EventDate "2016.09.02"]

1.Nf3 Nf6 2.c4 c5 3.g3 d5 4.cxd5 Nxd5 5.Nc3 Nc6 6.Nxd5 Qxd5 7.Bg2 e5 8.d3 
Be7 9.O-O Bg4 10.Be3 Qd7 11.Rc1 Bxf3 12.Bxf3 Nd4 13.Bxd4 exd4 14.Qb3 Rb8 
15.Qd5 Qxd5 16.Bxd5 O-O 17.e4 dxe3 18.fxe3 Bg5 19.Rce1 g6 20.e4 Kg7 21.Kg2
b6 22.Rf3 Rbd8 23.Bc4 f6 24.Ref1 Rde8 25.h4 Bd2 26.R1f2 Bc1 27.Rc2 Bh6 28.
g4 a5 29.Rcf2 g5 30.h5 Rb8 31.a4 Rbe8 32.Kf1 Kh8 33.Ke2 Bg7 34.Kd2 h6 35.
Kc2 Rd8 36.Rf5 Rfe8 37.Bd5 Re7 38.Kb3 Rd6 39.Kc4 Rc7 40.Rf1 Kh7 41.Rc1 Kh8
42.Kb5 Bf8 43.d4 Kg7 44.dxc5 bxc5 45.Rxc5 Rxc5+ 46.Kxc5 Rd8+ 47.Kb6 Bb4 
48.Kc7 Re8 49.Rf1 Re7+ 50.Kb6 Re8 51.Rc1 Re7 52.Rc8 Rd7 53.Kc6 Ra7 54.Rg8+
Kh7 55.Rg6 Ra8 56.Kb7 Rf8 57.Be6 Bd6 58.Bf5 Kh8 59.Rxh6+ Kg8 60.Rg6+ Kh8 
61.Ka6 Bb4 62.Rh6+ Kg8 63.Rh7 Rf7 64.Rh6 Rf8 65.Rg6+ Kh8 66.h6 Rf7 67.Be6 
Rf8 68.Rg7 Ra8+ 69.Kb7 Re8 70.Bf5 Re7+ 71.Rxe7 Bxe7 72.Kc6 Kg8 73.Bg6 Bd8 
74.Kb5 Bc7 75.b4 axb4 76.Kxb4 Bd6+ 77.Kb5 Bf8 78.a5 Bxh6 79.a6 Kg7 80.Bf5 
Kg8 81.a7 1-0

[Event "POL-chT3"]
[Site "Jastrzebia Gora POL"]
[Date "2016.09.08"]
[Round "6.81"]
[White "Ciemniak, Krzysztof"]
[Black "Augustyn, Sebastian"]
[Result "1/2-1/2"]
[WhiteElo "2000"]
[BlackElo "2116"]
[EventDate "2016.09.02"]

1.e4 c5 2.Nf3 Nc6 3.d4 cxd4 4.Nxd4 g6 5.Nc3 Bg7 6.Nxc6 bxc6 7.Bc4 Qc7 8.
O-O d6 9.Bf4 Nf6 10.Re1 e5 11.Bg5 Be6 12.Qd3 h6 13.Bxf6 Bxf6 14.Rad1 Bxc4 
15.Qxc4 Rc8 16.Qd3 Rd8 17.b4 O-O 18.b5 Bg7 19.bxc6 Qxc6 20.Nd5 Rd7 21.c3 
Rc8 22.Rb1 Kh8 23.Rb4 Bf8 24.Reb1 Be7 25.Rb8 Bd8 26.Rxc8 Qxc8 27.Qb5 Bb6 
28.Rb3 Bc5 29.g3 f5 30.exf5 gxf5 31.Qe2 Kg7 32.Qb2 Rf7 33.Rb8 Bxf2+ 34.
Kxf2 Qc5+ 35.Ne3 f4 36.gxf4 exf4 37.c4+ Rf6 38.Rb7+ Kg8 39.Rb8+ Kg7 40.
Rb7+ Kg8 41.Qxf6 Qxe3+ 42.Kg2 Qe2+ 43.Kh3 Qh5+ 44.Kg2 Qe2+ 45.Kh3 Qh5+ 46.
Kg2 1/2-1/2

[Event "POL-chT3"]
[Site "Jastrzebia Gora POL"]
[Date "2016.09.08"]
[Round "6.82"]
[White "Markiewicz, Mateusz"]
[Black "Wisniewski, Przemyslaw"]
[Result "0-1"]
[WhiteElo "2044"]
[BlackElo "1970"]
[EventDate "2016.09.02"]

1.e4 c6 2.d4 d6 3.Nc3 Qc7 4.f4 e5 5.Nf3 Nd7 6.Bc4 Be7 7.O-O Ngf6 8.g4 exd4
9.Nxd4 Nb6 10.Be2 Bd7 11.a4 a5 12.Be3 d5 13.e5 Ne4 14.Nxe4 dxe4 15.c4 
O-O-O 16.Qc2 h5 17.g5 Bg4 18.Qxe4 Bc5 19.Bxg4+ hxg4 20.Nc2 Bxe3+ 21.Nxe3 
Rd2 22.Nxg4 Qd7 23.Nf2 Rd4 24.Qf3 Nxc4 25.Rfd1 Nd2 26.Qg4 Qxg4+ 27.Nxg4 
Rh4 28.Kf2 Rxf4+ 29.Ke2 Nb3 30.Ra3 Nd4+ 31.Rxd4 Rxd4 32.h3 Rb4 33.Kf2 
Rbxg4 34.hxg4 Rxg4 35.Rf3 Rxg5 36.Rxf7 Rxe5 37.Rxg7 Kb8 38.b3 Ka7 39.Rh7 
Re6 40.Rg7 Ka6 41.Rh7 b5 42.Rh4 Kb6 43.Rg4 Re5 44.Rh4 Kc5 45.Rg4 Kd5 46.
Rh4 b4 47.Rg4 c5 48.Kf3 Rh5 49.Rg3 c4 50.Ke2 Rh2+ 51.Kd1 cxb3 52.Kc1 b2+ 
53.Kb1 Kc4 54.Rg4+ Kd3 55.Rg3+ Kd2 56.Rg5 Kc3 57.Rg3+ Kc4 58.Rg4+ Kb3 59.
Rh4 Rg2 60.Rg4 Rf2 61.Rf4 Re2 62.Re4 Rd2 63.Re3+ Kxa4 64.Re1 Rd4 65.Rh1 
Rc4 66.Rh8 Kb3 67.Rh3+ Rc3 68.Rg3 a4 0-1

[Event "POL-chT3"]
[Site "Jastrzebia Gora POL"]
[Date "2016.09.08"]
[Round "6.83"]
[White "Zebracki, Jaroslaw"]
[Black "Tatarczany, Piotr"]
[Result "1-0"]
[WhiteElo "1841"]
[BlackElo "1528"]
[EventDate "2016.09.02"]

1.e4 c5 2.Nf3 d6 3.c3 Nf6 4.Be2 Nc6 5.d4 g6 6.O-O Bg7 7.Re1 O-O 8.d5 Nb8 
9.Bf1 Bg4 10.h3 Bxf3 11.Qxf3 e5 12.a4 Nbd7 13.Na3 a6 14.Bg5 Qc7 15.Bd3 h6 
16.Bh4 Nh7 17.b3 Ndf6 18.g4 h5 19.Kg2 Qe7 20.g5 Ne8 21.Qg3 Nc7 22.Nc4 Rad8
23.Rg1 Qe8 24.Kh2 Qe7 25.Na5 Nxd5 26.exd5 e4 27.Rae1 Be5 28.f4 exf3 29.
Rxe5 dxe5 30.Be4 Rfe8 31.Qxf3 Rc8 32.Nc4 Nf8 33.d6 Qd8 34.Bd5 Ne6 35.Rf1 
Rf8 36.Bxe6 fxe6 37.Qxf8+ Qxf8 38.Rxf8+ Rxf8 39.d7 e4 40.Nd2 e3 41.Ne4 Kf7
42.Nf6 Ke7 43.Kg2 Kd6 44.Kf3 b5 45.a5 b4 46.c4 e5 47.Kxe3 Ke6 48.Ke4 Rd8 
49.Bg3 1-0

[Event "POL-chT3"]
[Site "Jastrzebia Gora POL"]
[Date "2016.09.08"]
[Round "6.84"]
[White "Jalowiec, Halina"]
[Black "Paprocka, Renata"]
[Result "1-0"]
[WhiteElo "1932"]
[BlackElo "1973"]
[EventDate "2016.09.02"]

1.d4 d5 2.Nf3 e6 3.Bf4 Nf6 4.e3 Be7 5.Nbd2 Nbd7 6.Bd3 O-O 7.O-O c5 8.c3 
Nh5 9.Be5 f5 10.c4 Ndf6 11.dxc5 Bxc5 12.Rc1 Ne4 13.cxd5 exd5 14.Bxe4 fxe4 
15.Rxc5 exf3 16.Nxf3 Be6 17.Qd4 Rxf3 18.gxf3 Qg5+ 19.Bg3 Qf5 20.f4 Rd8 21.
Qe5 Qh3 22.Qg5 Rf8 23.Rxd5 Bg4 24.Qh4 Nf6 25.Rd4 Rc8 26.Qxh3 Bxh3 27.Rfd1 
Rc2 28.R4d2 Rc5 29.f3 Be6 30.a3 Bb3 31.Re1 Kf7 32.e4 g6 33.Bf2 Ra5 34.Rc1 
b6 35.Rc7+ Ke8 36.Bh4 Nd5 37.exd5 Bxd5 38.b4 Rxa3 39.Rxd5 1-0

[Event "POL-chT3"]
[Site "Jastrzebia Gora POL"]
[Date "2016.09.08"]
[Round "6.85"]
[White "Maj, Pawel"]
[Black "Zakrzewski, Marek"]
[Result "1/2-1/2"]
[WhiteElo "2091"]
[BlackElo "2233"]
[EventDate "2016.09.02"]

1.d4 Nf6 2.Bg5 Ne4 3.Bf4 d5 4.e3 e6 5.Bd3 Bd6 6.Ne2 b6 7.Nd2 Bb7 8.O-O O-O
9.Bxd6 Qxd6 10.Bxe4 dxe4 11.c4 f5 12.Nb3 Na6 13.a3 Rfd8 14.Qc2 c5 15.Rfd1 
Qe7 16.dxc5 Nxc5 17.Nxc5 bxc5 18.Rxd8+ Rxd8 19.Rd1 Rd6 20.Nc3 Bc6 21.b3 
Kf7 22.Rxd6 Qxd6 23.Qd1 Qxd1+ 24.Nxd1 a5 25.a4 g5 26.g3 Ke7 27.Nc3 Be8 28.
Kf1 Bh5 29.Ke1 Kd6 30.Nb5+ Kd7 31.Nc3 1/2-1/2

[Event "POL-chT3"]
[Site "Jastrzebia Gora POL"]
[Date "2016.09.08"]
[Round "6.86"]
[White "Niekras, Dawid"]
[Black "Szymczak, Rafal"]
[Result "1/2-1/2"]
[WhiteElo "2326"]
[BlackElo "2007"]
[EventDate "2016.09.02"]

1.e4 c6 2.d4 d5 3.e5 c5 4.dxc5 Nc6 5.Nf3 Bg4 6.c3 e6 7.Be3 Bxf3 8.Qxf3 
Nxe5 9.Bb5+ Nc6 10.O-O Nf6 11.Rd1 a6 12.Ba4 Qa5 13.Bc2 Be7 14.Qg3 Nh5 15.
Qg4 g6 16.Nd2 O-O 17.b4 Qc7 18.Bh6 Rfe8 19.a3 Bf6 20.Rac1 Bg7 21.Bxg7 Kxg7
22.c4 f5 23.Qh4 d4 24.b5 Qd8 25.Nf3 Qxh4 26.Nxh4 axb5 27.cxb5 Ne5 28.Rxd4 
Rxa3 29.f4 Nf7 30.Bd1 Nf6 31.Bf3 Re7 32.c6 bxc6 33.Bxc6 Rb3 34.Nf3 e5 35.
fxe5 Nxe5 36.Nxe5 Rxe5 37.Rdd1 Re2 38.Rb1 Reb2 39.Rxb2 Rxb2 40.Re1 Ne4 41.
Bxe4 fxe4 42.Rxe4 Rxb5 1/2-1/2

[Event "POL-chT3"]
[Site "Jastrzebia Gora POL"]
[Date "2016.09.08"]
[Round "6.87"]
[White "Sielicki, Tomasz"]
[Black "Bernat, Marcin"]
[Result "1/2-1/2"]
[WhiteElo "1962"]
[BlackElo "2068"]
[EventDate "2016.09.02"]

1.d4 Nf6 2.Bg5 Ne4 3.h4 c5 4.d5 Qb6 5.Nd2 Nxg5 6.hxg5 Qxb2 7.g6 fxg6 8.e3 
e6 9.dxe6 dxe6 10.Bd3 Qf6 11.Ne4 Qd8 12.Qg4 Qa5+ 13.Nd2 Qb4 14.Bxg6+ Kd8 
15.Qxb4 cxb4 16.Rxh7 Rxh7 17.Bxh7 Nc6 18.Ngf3 Be7 19.Ne4 Bd7 20.c4 Kc7 21.
Neg5 Rh8 22.Ke2 Bf6 23.Rb1 e5 24.Be4 a5 25.Nf7 Re8 26.Rd1 Nd8 27.Nd6 Re7 
28.Nf5 Re6 29.g4 g6 30.Ng3 b5 31.g5 Bg7 32.Bd5 Re8 33.Nd2 bxc4 34.Nxc4 Bb5
35.Ne4 Nb7 36.Kf3 Rf8+ 37.Kg4 Rd8 38.Nf6 Bxc4 39.Rc1 Bxf6 40.Rxc4+ Kb6 41.
Bxb7 Be7 1/2-1/2

[Event "POL-chT3"]
[Site "Jastrzebia Gora POL"]
[Date "2016.09.08"]
[Round "6.88"]
[White "Hemmerling, Jaroslaw"]
[Black "Koziol, Pawel"]
[Result "1-0"]
[WhiteElo "1903"]
[BlackElo "1855"]
[EventDate "2016.09.02"]

1.e4 g6 2.d4 Bg7 3.Nc3 d6 4.h3 Nc6 5.Nf3 e5 6.Be3 Bd7 7.Bc4 Nf6 8.O-O O-O 
9.dxe5 Nxe5 10.Nxe5 dxe5 11.Qe2 Qe7 12.Rad1 Rfd8 13.Nd5 Nxd5 14.Bxd5 c6 
15.Bb3 b6 16.a4 Bf8 17.a5 b5 18.a6 Be8 19.Qg4 h5 20.Qxg6+ 1-0

[Event "POL-chT3"]
[Site "Jastrzebia Gora POL"]
[Date "2016.09.08"]
[Round "6.89"]
[White "Milczarek, Robert"]
[Black "Rozumek, Krzysztof"]
[Result "0-1"]
[WhiteElo "1740"]
[BlackElo "2010"]
[EventDate "2016.09.02"]

1.d4 c6 2.c4 Nf6 3.Nf3 d5 4.e3 e6 5.Bd3 Nbd7 6.O-O Be7 7.b3 O-O 8.Bb2 b6 
9.Nc3 Bb7 10.Re1 c5 11.cxd5 exd5 12.e4 cxd4 13.Nxd5 Nxd5 14.exd5 Bxd5 15.
Bxd4 Bf6 16.Bf5 Bxf3 17.Bxf6 Bxd1 18.Bxd8 Rfxd8 19.Raxd1 Nf6 20.f3 Kf8 21.
Kf2 g6 22.Bd3 Rac8 23.Bc4 Rxd1 24.Rxd1 Rc7 25.a4 Nd7 26.f4 Nc5 27.Rd4 f5 
28.Bd5 Ke7 29.Ke3 Kf6 30.Rc4 Re7+ 31.Kf3 Kg7 32.a5 Nxb3 33.axb6 Nd2+ 34.
Kf2 Nxc4 35.b7 Re8 36.Bxc4 Kf6 37.Bb5 Rb8 38.Ke3 Ke6 39.Kd4 Kd6 40.g3 Kc7 
0-1

[Event "POL-chT3"]
[Site "Jastrzebia Gora POL"]
[Date "2016.09.08"]
[Round "6.90"]
[White "Debowiak, Arleta"]
[Black "Baranska, Monika"]
[Result "1-0"]
[WhiteElo "1845"]
[BlackElo "1780"]
[EventDate "2016.09.02"]

1.e4 e6 2.d4 d5 3.e5 c5 4.c3 Nc6 5.Nf3 Qb6 6.a3 cxd4 7.cxd4 Nh6 8.Bd3 Bd7 
9.Bc2 Nf5 10.Bxf5 exf5 11.O-O Be7 12.Nc3 Be6 13.b4 O-O 14.Qd3 Rac8 15.Bf4 
Qd8 16.Rfc1 a6 17.Na4 Rc7 18.Nc5 g5 19.Bd2 Bc8 20.Ra2 f6 21.Bc3 g4 22.Ne1 
fxe5 23.dxe5 Bxc5 24.bxc5 Be6 25.Re2 Qg5 26.Bd2 Qg6 27.g3 Qg7 28.Bf4 Rfc8 
29.Qd2 Ne7 30.Nd3 Ng6 31.Bg5 Qd7 32.Bf6 Qf7 33.Ree1 Nf8 34.Qg5+ Qg6 35.Qh4
h6 36.Be7 Qh7 37.Bd6 Rf7 38.Qh5 Rd7 39.Nf4 Bf7 40.Qh4 Ne6 41.Nxd5 Qg7 42.
Nf6+ Kh8 43.Nxd7 Ng5 44.Rc3 Bd5 45.Nb6 1-0

[Event "POL-chT3"]
[Site "Jastrzebia Gora POL"]
[Date "2016.09.08"]
[Round "6.91"]
[White "Grajczak, Adrian"]
[Black "Cajbel, Maciej"]
[Result "0-1"]
[WhiteElo "2022"]
[BlackElo "2198"]
[EventDate "2016.09.02"]

1.e4 c5 2.Nf3 Nc6 3.d4 cxd4 4.Nxd4 g6 5.c4 Nf6 6.Nc3 d6 7.Be2 Nxd4 8.Qxd4 
Bg7 9.Be3 O-O 10.Qd2 Be6 11.O-O Qa5 12.f3 Rfc8 13.b3 a6 14.Rac1 Rab8 15.
Ba7 Ra8 16.Be3 b5 17.Nb1 b4 18.a4 Nd7 19.Bd3 Nc5 20.Bc2 Rab8 21.Rcd1 Qc7 
22.Qf2 Qc6 23.Nd2 Rf8 24.f4 Rbc8 25.f5 Bd7 26.g4 f6 27.Qg2 e6 28.Qh3 Rce8 
29.fxg6 hxg6 30.e5 f5 31.exd6 Nb7 32.Nf3 Nxd6 33.Ng5 Rf6 34.Qh7+ Kf8 35.c5
Nf7 36.Nf3 e5 37.Nh4 Bc8 38.gxf5 Bb7 39.Rf3 g5 40.Rg3 Qh1+ 41.Kf2 Qxh2+ 
42.Rg2 Qxh4+ 43.Qxh4 gxh4 44.Rg4 e4 45.Rxh4 Rxf5+ 46.Ke2 a5 47.Rg1 Rd8 48.
Rg6 Rf6 49.Rxf6 Bxf6 50.Rf4 Be5 51.Rh4 Bg3 52.Rxe4 Bxe4 53.Bxe4 Re8 54.Kf3
Bc7 55.Bd5 Ne5+ 56.Ke4 0-1

[Event "POL-chT3"]
[Site "Jastrzebia Gora POL"]
[Date "2016.09.08"]
[Round "6.92"]
[White "Zareba, Radoslaw"]
[Black "Brylowski, Marian"]
[Result "1-0"]
[WhiteElo "2093"]
[BlackElo "2051"]
[EventDate "2016.09.02"]

1.e4 e5 2.Nf3 Nc6 3.d4 exd4 4.Nxd4 Bc5 5.Be3 Qf6 6.c3 Nge7 7.Bc4 O-O 8.O-O
a6 9.Qh5 Qe5 10.Qxe5 Nxe5 11.Bb3 d6 12.h3 Bd7 13.Nd2 Rae8 14.f4 N5c6 15.
Rae1 Ng6 16.Rf3 Kh8 17.g4 Re7 18.Nf5 Bxe3+ 19.Rexe3 Ree8 20.Kf2 Nd8 21.Kg3
Ne7 22.h4 g6 23.Nh6 Kg7 24.g5 f5 25.gxf6+ Kxh6 26.fxe7 Rxe7 27.Bd5 Rfe8 
28.Rd3 Ne6 29.b4 b6 30.f5 gxf5 31.Rxf5 Rg8+ 32.Kf2 Rg4 33.Rg3 Rf4+ 34.Nf3 
Rxf5 35.exf5 Nf4 36.f6 Re8 37.f7 Rf8 38.Rg8 Ng6 39.Ng5 Rc8 40.Be6 Nf8 41.
Bxd7 Rd8 42.Be8 1-0

[Event "POL-chT3"]
[Site "Jastrzebia Gora POL"]
[Date "2016.09.08"]
[Round "6.93"]
[White "Brylowski, Stefan"]
[Black "Czachor, Grzegorz"]
[Result "1-0"]
[WhiteElo "1900"]
[BlackElo "2078"]
[EventDate "2016.09.02"]

1.d4 Nf6 2.c4 e6 3.Nc3 d5 4.Bg5 Nbd7 5.e3 Be7 6.Nf3 O-O 7.a3 c6 8.Bd3 b6 
9.Qc2 Bb7 10.O-O-O Rc8 11.Ne5 h6 12.h4 c5 13.Rh3 cxd4 14.exd4 dxc4 15.Be2 
Nd5 16.Ne4 c3 17.b4 f5 18.Bxe7 Qxe7 19.Ng6 Qe8 20.Nxf8 fxe4 21.Nxd7 Qxd7 
22.Bg4 Kh8 23.Re1 Nf6 24.Be2 Qxd4 25.Re3 Nd5 26.Rxe4 Qxf2 27.Bf3 Qg3 28.
Rxe6 Qb8 29.Qe4 Nf6 30.Qxb7 Qf4+ 31.R1e3 Rd8 32.Qe7 Qd4 33.Qxd8+ Qxd8 34.
Rxc3 Qd4 35.Kc2 Qxh4 36.Rc8+ Kh7 37.Rc7 a5 38.Ree7 axb4 39.Rxg7+ Kh8 40.
Rge7 Qf2+ 41.Kb3 bxa3 42.Kxa3 Qd4 43.Rc8+ Ng8 44.Ree8 Qa1+ 45.Kb3 Qb1+ 46.
Kc4 Qa2+ 47.Kb5 Qa5+ 48.Kc6 Kg7 49.Rxg8+ Kf6 50.Rgd8 b5 51.Rd5 Qa6+ 52.Kd7
Qe6+ 53.Kc7 Qe7+ 54.Kb6 b4 55.Rc6+ Kg7 1-0

[Event "POL-chT3"]
[Site "Jastrzebia Gora POL"]
[Date "2016.09.08"]
[Round "6.94"]
[White "Bogenryter, Hubert"]
[Black "Aleksandrowicz, Marek"]
[Result "0-1"]
[WhiteElo "1978"]
[BlackElo "1947"]
[EventDate "2016.09.02"]

1.d4 d5 2.c4 c6 3.Nc3 Nf6 4.Nf3 e6 5.e3 Nbd7 6.Bd3 dxc4 7.Bxc4 b5 8.Bd3 b4
9.Ne2 c5 10.e4 c4 11.Bb1 Bb7 12.Ng3 Be7 13.O-O Rc8 14.Qc2 h5 15.Bg5 Nf8 
16.e5 Bxf3 17.gxf3 h4 18.exf6 gxf6 19.Be3 hxg3 20.fxg3 Qa5 21.Qe4 Bd6 22.
Qg4 f5 23.Qg5 Ng6 24.Bf2 c3 25.bxc3 Rxc3 26.Re1 Be7 27.Qd2 Qd5 28.f4 Rg8 
29.Bc2 Nh4 30.Kf1 Nf3 31.Qd1 Nxh2+ 32.Kg1 Nf3+ 33.Kf1 Nxe1 34.Bxe1 Qc4+ 
0-1

[Event "POL-chT3"]
[Site "Jastrzebia Gora POL"]
[Date "2016.09.08"]
[Round "6.95"]
[White "Pelowski, Zdzislaw"]
[Black "Krupa, Jerzy"]
[Result "0-1"]
[WhiteElo "1761"]
[BlackElo "1817"]
[EventDate "2016.09.02"]

1.c4 c5 2.Nc3 Nc6 3.g3 g6 4.Bg2 Bg7 5.Qb3 Nf6 6.Nf3 O-O 7.O-O d6 8.d3 Rb8 
9.Bg5 h6 10.Bxf6 Bxf6 11.e3 Be6 12.Nd2 Qd7 13.Nd5 Bg7 14.Nf4 Bf5 15.a3 a6 
16.Bd5 e5 17.Ne2 b5 18.Qc2 Rfe8 19.Nc3 b4 20.Ne2 bxa3 21.bxa3 e4 22.dxe4 
Bh3 23.Qa4 Nd4 24.Qxd7 Nxe2+ 25.Kh1 Bxd7 26.Rae1 Nc3 27.f4 Rb2 28.f5 Nxd5 
0-1

[Event "POL-chT3"]
[Site "Jastrzebia Gora POL"]
[Date "2016.09.08"]
[Round "6.96"]
[White "Zdziarska-zareba, Lidia"]
[Black "Buchta, Agnieszka"]
[Result "1-0"]
[WhiteElo "1884"]
[BlackElo "1611"]
[EventDate "2016.09.02"]

1.e4 c5 2.Nf3 e6 3.b3 a6 4.c4 Nc6 5.Bb2 d6 6.d4 cxd4 7.Nxd4 Nf6 8.Nc3 Be7 
9.Be2 O-O 10.O-O Qc7 11.Rc1 Rd8 12.Nc2 b6 13.Ne3 Bb7 14.Qd3 Rac8 15.Rfd1 
Qb8 16.a3 Na5 17.b4 Nc6 18.Qb1 Qa8 19.Na4 Qa7 20.Ng4 Nxg4 21.Bxg4 a5 22.b5
Nb8 23.Qd3 Nd7 24.Qd4 Bf8 25.Nc3 Nc5 26.Rc2 Nb3 27.Qd3 Nc5 28.Qe3 Qb8 29.
Be2 Qc7 30.h3 h6 31.Qf4 Be7 32.Qg4 Bf8 33.Rcd2 Nb3 34.Rd3 Nc5 35.Rg3 Nd7 
36.Nd5 h5 37.Qg5 exd5 38.Bxg7 Kh7 39.Qh6+ Kg8 40.Qh8# 1-0

[Event "POL-chT3"]
[Site "Jastrzebia Gora POL"]
[Date "2016.09.08"]
[Round "6.97"]
[White "Gierulski, Kamil"]
[Black "Banach, Szymon"]
[Result "1-0"]
[WhiteElo "2196"]
[BlackElo "1996"]
[EventDate "2016.09.02"]

1.e4 Nf6 2.e5 Nd5 3.d4 d6 4.c4 Nb6 5.f4 g6 6.Nc3 Bg7 7.Be3 O-O 8.c5 N6d7 
9.Bc4 e6 10.h4 Na6 11.Qf3 Rb8 12.h5 dxc5 13.hxg6 hxg6 14.Qh3 Re8 15.Qh7+ 
Kf8 16.f5 Nxe5 17.dxe5 exf5 18.Bh6 Rxe5+ 19.Nge2 Qf6 1-0

[Event "POL-chT3"]
[Site "Jastrzebia Gora POL"]
[Date "2016.09.08"]
[Round "6.98"]
[White "Banach, Wieslaw"]
[Black "Miasik, Adrian"]
[Result "1/2-1/2"]
[WhiteElo "2038"]
[BlackElo "1933"]
[EventDate "2016.09.02"]

1.e4 e5 2.Nf3 Nc6 3.d4 exd4 4.Bc4 Nf6 5.O-O d6 6.Nxd4 Be7 7.Nc3 O-O 8.Bb3 
Bd7 9.h3 a6 10.a4 Re8 11.f4 Bf8 12.Qd3 Nxd4 13.Qxd4 Be6 14.Bd2 c5 15.Qd3 
Bxb3 16.cxb3 Qb6 17.Qc4 Qc6 18.Rae1 b5 19.Qd3 Rad8 20.Qf3 Qb7 21.Bc1 b4 
22.Nd5 Nxd5 23.exd5 f5 24.Qd3 g6 25.Re6 Rxe6 26.dxe6 Qe4 27.Qxa6 Qxe6 28.
Qd3 Re8 29.Bd2 Qe4 30.Qc4+ Qxc4 31.bxc4 Bg7 32.b3 Re2 33.Bc1 Bd4+ 34.Kh2 
Rc2 35.Rd1 Kf7 36.h4 Ke7 37.h5 Rc3 38.Bb2 Rxb3 39.Bxd4 cxd4 40.Rxd4 Ra3 
41.Rd5 Rxa4 42.Rb5 gxh5 43.Kg3 Ke6 44.Rb6 Kd7 45.Kh4 Ra2 46.g3 Rc2 47.Rxb4
Ke6 48.Kh3 h6 49.Ra4 Kf6 50.Ra6 Ke6 51.Ra4 h4 52.gxh4 h5 53.Kg3 Rc3+ 54.
Kg2 Rc1 55.Kf2 Rc3 56.Kg2 Rc2+ 57.Kf3 1/2-1/2

[Event "POL-chT3"]
[Site "Jastrzebia Gora POL"]
[Date "2016.09.08"]
[Round "6.99"]
[White "Ziemniak, Piotr"]
[Black "Jozefczak, Andrzej"]
[Result "1/2-1/2"]
[WhiteElo "1783"]
[BlackElo "2035"]
[EventDate "2016.09.02"]

1.e4 e6 2.d4 d5 3.Nd2 c5 4.exd5 Qxd5 5.Ngf3 Nc6 6.Bc4 Qh5 7.dxc5 Bxc5 8.
Ne4 Be7 9.O-O Nf6 10.Nd6+ Kf8 11.Be3 Nd5 12.Bxd5 Qxd5 13.Qxd5 exd5 14.Nb5 
Be6 15.Rad1 a6 16.Nbd4 Rc8 17.c3 h6 18.Rfe1 Bf6 19.h3 g5 20.Nxe6+ fxe6 21.
Bd4 Kf7 22.Ne5+ Nxe5 23.Bxe5 Rhf8 24.Rd4 Bxe5 25.Rxe5 Kf6 26.Re2 Rc5 27.
Rb4 b5 28.a4 Rfc8 29.axb5 axb5 30.h4 e5 31.hxg5+ hxg5 32.Re3 Ra8 33.Rf3+ 
Ke6 34.Rg3 Ra4 35.Rbg4 Rxg4 36.Rxg4 Kf5 37.Rb4 e4 38.f3 g4 39.Kf2 gxf3 40.
gxf3 Kf4 41.Rd4 Ke5 42.fxe4 dxe4 43.Ke3 Rc4 44.Rd8 b4 45.Re8+ Kd5 46.Rd8+ 
1/2-1/2

[Event "POL-chT3"]
[Site "Jastrzebia Gora POL"]
[Date "2016.09.08"]
[Round "6.100"]
[White "Zurawski, Kamil"]
[Black "Wozniak, Grzegorz"]
[Result "0-1"]
[WhiteElo "1648"]
[BlackElo "1695"]
[EventDate "2016.09.02"]

1.e4 e6 2.d4 d5 3.Nc3 Bb4 4.e5 Ne7 5.f4 Nf5 6.Nf3 c5 7.Bd2 O-O 8.a3 Bxc3 
9.Bxc3 cxd4 10.Bxd4 Nxd4 11.Qxd4 Nc6 12.Qc5 Qa5+ 13.Qxa5 Nxa5 14.O-O-O a6 
15.f5 Nc6 16.fxe6 Bxe6 17.Bd3 h6 18.h3 Rac8 19.g4 g6 20.Rhg1 b5 21.b3 Kg7 
22.Kb2 Rb8 23.Rde1 a5 24.Nh4 b4 25.a4 Nd4 26.Rgf1 Bd7 27.Rf6 g5 28.Ng2 
Rfe8 29.Rd6 Be6 30.Rf1 Red8 31.Ra6 Ra8 32.Rxa8 Rxa8 33.Ne3 Rc8 34.Bf5 Rc3 
35.Bd3 Nxb3 36.Nf5+ Bxf5 37.gxf5 Nc5 38.Bb5 Re3 39.h4 Rxe5 40.hxg5 hxg5 
41.c3 bxc3+ 42.Kxc3 Kf6 43.Kd4 Nxa4 44.Ra1 Re4+ 45.Kd3 Nc5+ 46.Kc3 Re3+ 
47.Kc2 a4 48.Rd1 Re5 49.Bc6 Rxf5 50.Bxd5 Rf4 51.Rh1 Ke5 52.Bc6 f5 53.Kb2 
Rc4 54.Ka3 g4 55.Bb5 Rd4 56.Bc6 Kf4 57.Rf1+ Kg5 58.Rc1 Rd3+ 59.Kb4 Ne4 60.
Kxa4 Rc3 61.Rxc3 Nxc3+ 62.Kb3 Ne2 63.Kc4 Kf4 64.Kd3 Ng3 65.Kd2 Ne4+ 66.Ke2
g3 67.Kf1 Kf3 68.Bd5 Kg4 69.Kg2 Ng5 70.Bc6 f4 71.Bd7+ Kh4 72.Bc6 f3+ 73.
Kg1 Nh3+ 0-1

[Event "POL-chT3"]
[Site "Jastrzebia Gora POL"]
[Date "2016.09.08"]
[Round "6.101"]
[White "Wasik, Roman"]
[Black "Butyrowski, Marcel"]
[Result "1-0"]
[WhiteElo "1474"]
[BlackElo "1776"]
[EventDate "2016.09.02"]

1.Nf3 Nf6 2.c4 e6 3.d4 b6 4.Nc3 Bb4 5.e3 Bb7 6.Bd3 O-O 7.Bd2 d5 8.cxd5 
Bxc3 9.bxc3 exd5 10.O-O Nbd7 11.Rc1 c5 12.Ne5 Nxe5 13.dxe5 Ne4 14.Be1 c4 
15.Bb1 Qg5 16.f4 Qe7 17.Rf3 Rad8 18.Rh3 Bc8 19.Rh5 Qc5 20.Qd4 Qc6 21.Bc2 
Rfe8 22.h3 f5 23.Bh4 g6 24.Bxd8 gxh5 25.Bh4 Be6 26.Bd1 Bf7 27.Bf3 Rb8 28.
Bxe4 fxe4 29.f5 Qc5 30.e6 Be8 31.f6 Qxd4 32.exd4 Bg6 33.f7+ Kf8 34.Rf1 
Bxf7 35.Rxf7+ Kg8 36.Rd7 Re8 37.e7 Kf7 38.Rxd5 e3 39.Re5 Kg6 40.d5 e2 41.
Rxe2 1-0

[Event "POL-chT3"]
[Site "Jastrzebia Gora POL"]
[Date "2016.09.08"]
[Round "6.102"]
[White "Wilk, Oktawia"]
[Black "Wasik, Justyna"]
[Result "1-0"]
[WhiteElo "1704"]
[BlackElo "1385"]
[EventDate "2016.09.02"]

1.e4 d6 2.d4 c5 3.dxc5 Qa5+ 4.c3 Qxc5 5.Be3 Qc7 6.Nd2 g6 7.f4 Bg7 8.h3 b6 
9.Ngf3 Bb7 10.Bb5+ Nc6 11.Qb3 e6 12.Nd4 Nf6 13.Qa4 a6 14.Bxc6+ Bxc6 15.
Qxc6+ Qxc6 16.Nxc6 Rc8 17.Nd4 O-O 18.O-O b5 19.Rac1 Nh5 20.Ne2 f5 21.exf5 
exf5 22.Rf3 Nf6 23.Bd4 b4 24.cxb4 Rxc1+ 25.Nxc1 Rc8 26.Bc3 Re8 27.Kf1 d5 
28.Rd3 Rc8 29.Ne2 Rd8 30.Nb3 h6 31.Nc5 g5 32.Nxa6 Ra8 33.b5 Kf7 34.a4 g4 
35.a5 h5 36.Nc7 Rd8 37.a6 d4 38.Rxd4 Rc8 39.a7 Ne4 40.Rd7+ Kg6 41.Bxg7 
Nd2+ 42.Rxd2 Kxg7 43.b6 h4 44.Rd7+ Kg6 45.b7 Rg8 46.a8=Q Rxa8 47.bxa8=Q g3
48.Qc6+ Kh5 49.Rh7# 1-0

[Event "POL-chT3"]
[Site "Jastrzebia Gora POL"]
[Date "2016.09.09"]
[Round "7.1"]
[White "Kantans, Toms"]
[Black "Szotkowski, Jakub"]
[Result "0-1"]
[WhiteElo "2491"]
[BlackElo "2403"]
[EventDate "2016.09.02"]

1.e4 c5 2.Nf3 e6 3.d4 cxd4 4.Nxd4 Nc6 5.Nc3 Qc7 6.f4 a6 7.Be3 b5 8.Bd3 Bb7
9.Qe2 Nf6 10.e5 Nxd4 11.Bxd4 Nd5 12.Nxd5 Bxd5 13.f5 Bc5 14.Qf2 Bxd4 15.
Qxd4 g6 16.O-O gxf5 17.Bxf5 Bxg2 18.Kxg2 exf5 19.Kh3 Rg8 20.Rf3 Rg6 21.Rg1
Rh6+ 22.Kg3 Qxc2 23.h4 Rg6+ 24.Kh3 Qe4 25.Qxe4 fxe4 26.Rxg6 hxg6 27.Ra3 
Ke7 28.Kg4 Ke6 29.Kf4 Kd5 30.b4 Rh8 31.Rxa6 Rxh4+ 32.Kg3 Rh5 33.Rb6 Kc4 
34.Kf4 e3 0-1

[Event "POL-chT3"]
[Site "Jastrzebia Gora POL"]
[Date "2016.09.09"]
[Round "7.2"]
[White "Nguyen, Piotr"]
[Black "Kuzmicz, Krystian"]
[Result "0-1"]
[WhiteElo "2435"]
[BlackElo "2470"]
[EventDate "2016.09.02"]

1.d4 Nf6 2.Nf3 b6 3.g3 Bb7 4.c4 e6 5.Bg2 Bb4+ 6.Bd2 Qe7 7.O-O Bxd2 8.Qxd2 
d6 9.Nc3 Nbd7 10.d5 e5 11.Nh4 g6 12.f4 exf4 13.Rxf4 Ne5 14.Nf3 O-O 15.Rf1 
Nxf3+ 16.R1xf3 Nd7 17.g4 Ne5 18.Rf2 Bc8 19.h3 f5 20.gxf5 Bxf5 21.Nb5 a6 
22.Nd4 Bd7 23.b3 Rxf4 24.Qxf4 Rf8 25.Qxf8+ Qxf8 26.Rxf8+ Kxf8 27.Kf2 Ke7 
28.Kg3 Kf6 29.Bf1 g5 30.e3 h5 31.h4 gxh4+ 32.Kxh4 Bg4 33.b4 Nf3+ 34.Nxf3 
Bxf3 35.Kg3 Bg4 36.c5 a5 37.bxa5 bxa5 38.cxd6 cxd6 39.Kf4 Bd7 40.Be2 h4 
41.Bf1 h3 42.Kg3 Ke5 43.Bxh3 Bxh3 44.Kxh3 Kxd5 45.Kg3 Ke4 46.Kf2 Kd3 47.
Kf3 a4 48.e4 Kc3 49.Ke3 Kb2 50.Kd4 Kxa2 51.Kc3 Ka3 52.Kd4 0-1

[Event "POL-chT3"]
[Site "Jastrzebia Gora POL"]
[Date "2016.09.09"]
[Round "7.3"]
[White "Sabuk, Piotr"]
[Black "Kowalczyk, Pawel"]
[Result "1-0"]
[WhiteElo "2365"]
[BlackElo "2303"]
[EventDate "2016.09.02"]

1.d4 Nf6 2.c4 c5 3.d5 b5 4.cxb5 a6 5.bxa6 Bxa6 6.Nc3 d6 7.e4 Bxf1 8.Kxf1 
g6 9.Nf3 Nbd7 10.g3 Bg7 11.Kg2 O-O 12.a4 Ra6 13.Qc2 Qa8 14.Ra3 c4 15.Be3 
Rc8 16.h3 Nc5 17.Nd4 Nfxe4 18.Nxe4 Qxd5 19.f3 Nxe4 20.fxe4 Qb7 21.Kh2 h5 
22.h4 d5 23.exd5 Qxd5 24.Nb5 Re6 25.Bf2 c3 26.Nxc3 Qf3 27.Re1 Be5 28.Qd2 
Rc4 29.Ne4 Qf5 30.Rae3 Rxa4 31.Kg2 Bxb2 32.Rf3 Qa5 33.Qf4 Bf6 34.Qb8+ Kg7 
35.Nxf6 Rxf6 36.Rxf6 Kxf6 37.Bd4+ Rxd4 38.Qh8+ Kf5 39.Rf1+ Ke6 40.Qxd4 
Qa8+ 41.Kh2 f5 42.Qg7 Qa2+ 43.Kh3 Qd5 44.Qxg6+ 1-0

[Event "POL-chT3"]
[Site "Jastrzebia Gora POL"]
[Date "2016.09.09"]
[Round "7.4"]
[White "Jagodzinski, Piotr"]
[Black "Dubinski, Mateusz"]
[Result "0-1"]
[WhiteElo "2241"]
[BlackElo "2241"]
[EventDate "2016.09.02"]

1.Nf3 g6 2.c4 c5 3.g3 Bg7 4.Bg2 Nc6 5.Nc3 d6 6.O-O Nh6 7.b3 Nf5 8.Bb2 h5 
9.h4 O-O 10.Rb1 Qd7 11.Nd5 Bxb2 12.Rxb2 f6 13.b4 e6 14.Nf4 Qg7 15.bxc5 
dxc5 16.Qb1 Rb8 17.Qe4 e5 18.Nd3 Qe7 19.Bh3 Kg7 20.Nfe1 Nxg3 21.fxg3 Bxh3 
22.Rf2 Nd4 23.e3 Bf5 24.Qg2 Ne6 25.Qf1 e4 26.Nc1 Qc7 27.Kh2 Qe5 28.Rb1 Bg4
29.Ng2 b6 30.Nf4 Nc7 31.Nce2 g5 32.Ng2 Rbd8 33.Nc3 Bf3 34.Kh3 Kh6 35.Ne1 
Rg8 36.hxg5+ Rxg5 37.Rxf3 exf3 38.Qxf3 Rxd2 39.Ne4 Qe6+ 0-1